Os 100 Maiores Jogadores de Futebol da História - Statistics

Estatísticas Gerais
  • Esse quiz foi jogado 3 020 vezes
  • A pontuação média é 18 de 99
Estatísticas das Respostas
Hint Resposta % Correto
Argentina Messi
98%
Brasil Pelé
91%
Brasil Ronaldo
90%
Argentina Maradona
89%
Portugal Cristiano Ronaldo
73%
França Zidane
55%
Brasil Garrincha
50%
Argentina/Espanha Di Stefano
49%
Alemanha Gerd Muller
49%
Hungria Puskas
44%
Brasil Zico
44%
Brasil Cafu
42%
Brasil Kaká
42%
Holanda Cruyff
39%
Croácia Modric
39%
Alemanha Neuer
39%
Brasil Roberto Carlos
39%
Brasil Ronaldinho Gaucho
39%
Espanha Iniesta
38%
Espanha Luis Suarez
37%
Espanha Xavi
37%
Portugal Eusebio
36%
Itália Maldini
35%
França Henry
34%
Itália Buffon
31%
Alemanha Beckenbauer
30%
Holanda van Basten
26%
Irlanda do Norte Best
23%
Portugal Figo
22%
Holanda Gullit
22%
União Soviética Yashin
22%
Itália Baggio
20%
Brasil Rivellino
18%
Brasil Socrates
18%
Alemanha Lahm
17%
França Platini
17%
Inglaterra Rooney
15%
Brasil Jairzinho
14%
Alemanha Matthaus
13%
Libéria Weah
13%
Brasil Carlos Alberto Torres
12%
Brasil Didi
12%
Argentina Kempes
12%
Itália Baresi
11%
Dinamarca Laudrup
11%
Escócia Dalglish
10%
Dinamarca Peter Schmeichel
10%
Bulgária Stoichkov
10%
Argentina Zanetti
9%
Espanha Busquets
8%
Inglaterra Charlton
8%
Romênia Hagi
8%
Argentina Passarella
8%
Brasil Nilton Santos
7%
Inglaterra Moore
6%
Brasil Daniel Alves
5%
Itália Rossi
5%
Holanda Bergkamp
4%
Brasil Djalma Santos
4%
Holanda Koeman
4%
Holanda Rijkaard
4%
Espanha Gento
3%
México Hugo Sanchez
3%
Alemanha Rummenigge
3%
Inglaterra Banks
2%
França Cantona
2%
Peru Cubillas
2%
Inglaterra Dean
2%
França Fontaine
2%
França Kopa
2%
Itália Meazza
2%
Itália Zoff
2%
Inglaterra Alan Shearer
1%
Hungria Kocsis
1%
Escócia Law
1%
Holanda Neeskens
1%
Itália Sandro Mazzola
1%
Áustria Sindelar
1%
Itália/Argentina Sivori
1%
Itália Valentino Mazzola
1%
Hungria Albert
0%
União Soviética Blokhin
0%
País de Gales Charles
0%
Itália Facchetti
0%
Inglaterra Greaves
0%
Hungria Hidegkuti
0%
Escócia Johnstone
0%
Uruguai Jose Andrade
0%
Argentina Jose Manuel Moreno
0%
Inglaterra Keegan
0%
Tchecoslováquia Masopust
0%
Inglaterra Metthews
0%
Alemanha Netzer
0%
Suécia Nordahl
0%
Itália Rivera
0%
Uruguai Schiaffino
0%
Itália Scirea
0%
Dinamarca Simonsen
0%
Alemanha Walter
0%
Nenhum quiz correspondente encontrado
Distribuição das Pontuações
Porcentagem de Pessoas com Cada Pontuação
Percentil de Números Respondidos
Sua Pontuação Histórica
Você não jogou esse quiz